LEADER 00885nam a2200217 i 4500 001 000000156187 003 CaOOAMICUS 005 20061129000000.0 008 061129s1965 it u000 u ita u 013 $a133542 040 $aSeMil$bita 245 10$aCosmč Tura /$c[Eugenio Riccomini]. 260 $aMilano :$bFabbri,$ccopyr. 1965. 300 $a[8] p., 16 p. di tav. ;$c36 cm. 490 0 $aI maestri del colore : la pił grande collana d'arte del mondo ;$v86 700 1 $aRiccomini, Eugenio.$0(OLS)http://semarc/name/48654 830 2$aI maestri del colore : la pił grande collana d'arte del mondo ;$v86.$0(OLS)http://semarc/title/2091 850 $aSeMil 852 $aSeMil$W1$xVenegono$y1$m5G XII 9/86$j107989$B107989$CSeMilBibl$Z2$F117616 $81 996 $6245$aCosmč Tura$9(OLS)http://semarc/title/228916 996 $6260$aMilano :$bFabbri$9(OLS)http://semarc/publisher/30054 LEADER 01169nam a2200265 i 4500 001 000000253069 003 CaOOAMICUS 005 20170223000000.0 008 170223s2006 it u000 u ita u 013 $a231974 020 $a88-315-3010-0 040 $aSeMil$bita 110 2 $aConferenza Episcopale Italiana.$0(OLS)http://semarc/name/95789 245 10$aIstruzione in materia amministrativa :$b2005 /$cConferenza Episcopale Italiana. 260 $aMilano :$bPaoline,$c2006. 300 $a182 p. ;$c17 cm. 490 0 $aLa voce delle chiese locali ;$v52 650 4$aBeni ecclesiatici - Amministrazione.$0(OLS)http://semarc/subject/40462 650 4$aEnti ecclesiastici - Amministrazione.$0(OLS)http://semarc/subject/41175 830 3$aLa voce delle chiese locali [Paoline] ;$v52.$0(OLS)http://semarc/title/28576 850 $aSeMil 852 $aSeMil$W1$xVenegono$y1$m3L III 48/B$j203415$B203415$CSeMilBibl$Z2$F216206 $81 996 $6020$a88-315-3010-0$9(OLS)http://semarc/number/275627 996 $6245$aIstruzione in materia amministrativa :$b2005$9(OLS)http://semarc/title/410354 996 $6260$aMilano :$bPaoline$9(OLS)http://semarc/publisher/29684